00655nam a2200217Ia 450000500170000000800410001702000250005804000190008304100120010208200170011410000150013124500720014626000450021830000120026350400500027563000240032565000300034965100310037970000170041085000100042720230420090630.0131103s9999 xx 000 0 und d a195678575cRs.350.00 aLoreto College aEnglish a338.954bDRE aDreze,Jean aIndia b Development and participation cJean Dreze and Amartya Sen aNew DelhibOxford University Pressc2005 axi,512p aIncludes bibliographical references and index aDevelopment, India  aIndia-Economy and society aIndia-Politics and society aSen, Amartya aLCLIB